Daily Bulletin : of the Sixth Congress of the Permanent International Association of Road Congresses of the Sixth Congress of the Permanent International Association of Road Congresses
Descripción Física:
volums : il·lustracions ; 23 cm
Materias:
Carreteres -- Congressos
Idioma:
English
MARC
| LEADER | 00000nas a2200000 a 4500 | ||
|---|---|---|---|
| 001 | 29025 | ||
| 003 | AGDB | ||
| 005 | 20260324180551.0 | ||
| 008 | 160829s1930 xx 000 0 cat d | ||
| 041 | |a eng | ||
| 080 | |a Revistes | ||
| 111 | |a Permanent International Association of Road Congresses (6è : 1930 : Washington DC) |9 72759 | ||
| 245 | |a Daily Bulletin : |b of the Sixth Congress of the Permanent International Association of Road Congresses | ||
| 260 | |a Washington : |b U.S. Government Printing Office, |c 1930 | ||
| 300 | |a volums : |b il·lustracions ; |c 23 cm | ||
| 590 | |a Publicat durant la celebració del Congrés. | ||
| 590 | |a Text en anglès, francès, alemany i castellà. | ||
| 590 | |a Prové del fons d'Obres Públiques | ||
| 650 | |a Carreteres |x Congressos |9 48828 | ||
| 866 | |a 1930 (1, 2, 3, 4, 6) | ||
| 901 | |a Arxiu | ||
| 942 | |n 1 |2 udc |c ARXIU | ||
| 952 | |0 0 |1 0 |2 udc |4 0 |6 REV2400 |7 1 |9 54886 |a Arxiu |b Arxiu |d 2012-04-05 |h Núm. 1, 2, 3, 4, 6 (1930) |l 0 |o Rev-2400 |p 29025 |r 2016-12-01 00:00:00 |w 2016-12-01 |y ARXIU | ||
| 999 | |c 58756 |d 58756 | ||